The strong-willed child: (Record no. 14747)

000 -LEADER
fixed length control field 00642nam a2200205 a 4500
001 - CONTROL NUMBER
control field :::00012581$&:&@@
003 - CONTROL NUMBER IDENTIFIER
control field OkBaRHE
005 - DATE AND TIME OF LATEST TRANSACTION
control field 20000607103420.0
008 - FIXED-LENGTH DATA ELEMENTS--GENERAL INFORMATION
fixed length control field s1978 j 000 0 eng u
040 ## - CATALOGING SOURCE
Transcribing agency
100 1# - MAIN ENTRY--PERSONAL NAME
Personal name Dobson, James C., 1936-
245 14 - TITLE STATEMENT
Title The strong-willed child:
Remainder of title birth through adolescence.
260 ## - PUBLICATION, DISTRIBUTION, ETC. (IMPRINT)
Place of publication, distribution, etc Wheaton, IL., :
Name of publisher, distributor, etc Tyndale House
Date of publication, distribution, etc c1978
300 ## - PHYSICAL DESCRIPTION
Extent 240 p. : illus. ;
Dimensions 22 cm.
650 ## - SUBJECT ADDED ENTRY--TOPICAL TERM
Topical term or geographic name as entry element Child Psychology
650 ## - SUBJECT ADDED ENTRY--TOPICAL TERM
Topical term or geographic name as entry element Child Rearing
650 ## - SUBJECT ADDED ENTRY--TOPICAL TERM
Topical term or geographic name as entry element Discipline of Children
942 ## - ADDED ENTRY ELEMENTS (KOHA)
Source of classification or shelving scheme
Koha item type Books
Copies
Permanent Location Copy number Price effective from Withdrawn status Date last seen Date acquired Source of classification or shelving scheme Not for loan Damaged status Full call number Lost status Koha item type Shelving location Barcode
RHEMA Bible Training College12010-04-14 2010-04-142010-04-14   HQ 772 .D58 BooksGeneral Stacks12581